[Event "CZE-chT2F 1213"]
[Site "Czech Republic"]
[Date "2013.01.20"]
[Round "7.37"]
[White "Hajek, Michal"]
[Black "Trombik, Karel"]
[Result "1/2-1/2"]
[WhiteElo "2222"]
[BlackElo "2044"]
[PlyCount "61"]
[EventDate "2012.10.14"]
[EventType "team-tourn"]
[EventRounds "11"]
[EventCountry "CZE"]
[SourceTitle "EXT 2016"]
[Source "ChessBase"]
[SourceDate "2015.10.08"]
[SourceVersion "1"]
[SourceVersionDate "2015.10.08"]
[SourceQuality "1"]
[WhiteTeam "Ostrava Labortech II"]
[BlackTeam "Orlova Slavia II"]
[WhiteTeamCountry "CZE"]
[BlackTeamCountry "CZE"]

1. e4 d5 2. exd5 Qxd5 3. c4 Qd6 4. d4 e5 5. d5 Nf6 6. Nc3 c6 7. Nf3 Bg4 8. Be2 Nbd7 9. h3 Bh5 10. Be3 Qc7 11. 0-0 Bd6 12. Nh4 Bg6 13. Nxg6 hxg6 14. dxc6 bxc6 15. Qa4 0-0 16. Bf3 Rfc8 17. b4 a6 18. c5 Bf8 19. a3 Ra7 20. Qb3 Be7 21. Rfd1 Nf8 22. Ne4 Nxe4 23. Bxe4 Raa8 24. Rd2 Rab8 25. Bd3 a5 26. Ba6 Re8 27. Bc4 Bf6 28. b5 cxb5 29. Bxb5 Re7 30. a4 Ne6 31. Qc4 1/2-1/2

[Event "CZE-chT1E 0910"]
[Site "Czech Republic"]
[Date "2009.10.10"]
[Round "4.8"]
[White "Hajek, Michal"]
[Black "Kosek, Jiri"]
[Result "1/2-1/2"]
[WhiteElo "2224"]
[BlackElo "2110"]
[PlyCount "31"]
[EventDate "2009.11.15"]
[EventType "team-tourn"]
[EventRounds "11"]
[EventCountry "CZE"]
[SourceTitle "EXT 2011"]
[Source "ChessBase"]
[SourceDate "2010.11.26"]
[SourceVersion "1"]
[SourceVersionDate "2010.11.26"]
[SourceQuality "1"]
[WhiteTeam "Ostrava Geofin"]
[BlackTeam "Vysoke Myto"]
[WhiteTeamCountry "CZE"]
[BlackTeamCountry "CZE"]

1. e4 c5 2. Nc3 Nc6 3. f4 d6 4. Bb5 Bd7 5. Nf3 g6 6. 0-0 Bg7 7. d3 e6 8. Bxc6 Bxc6 9. f5 exf5 10. exf5 Ne7 11. fxg6 hxg6 12. Ne4 Qd7 13. Bf4 Nf5 14. c3 0-0-0 15. Qb3 f6 16. h3 1/2-1/2

[Event "CZE-chT 0304"]
[Site "Czech Republic"]
[Date "2004.03.21"]
[Round "9"]
[White "Michalek, Jan"]
[Black "Hajek, Michal"]
[Result "1-0"]
[WhiteElo "2396"]
[BlackElo "2255"]
[PlyCount "145"]
[EventDate "2003.11.08"]
[EventType "team-tourn"]
[EventRounds "11"]
[EventCountry "CZE"]
[SourceTitle "EXT 2019"]
[Source "ChessBase"]
[SourceDate "2018.10.10"]
[SourceVersion "1"]
[SourceVersionDate "2018.10.10"]
[SourceQuality "1"]
[WhiteTeam "Plzen"]
[BlackTeam "Ostrava Labortech"]
[WhiteTeamCountry "CZE"]
[BlackTeamCountry "CZE"]

1. e4 c5 2. c3 d5 3. exd5 Qxd5 4. d4 Nc6 5. Nf3 cxd4 6. cxd4 e6 7. Nc3 Qd6 8. Be3 Nf6 9. a3 Be7 10. Bd3 0-0 11. 0-0 b6 12. Qe2 Bb7 13. Rad1 Rad8 14. Rfe1 Qb8 15. Bg5 Rfe8 16. Bb1 Nd5 17. Qe4 g6 18. Qh4 Nxc3 19. bxc3 Qd6 20. Be4 Bxg5 21. Nxg5 h5 22. Rd3 Re7 23. Rg3 Rf8 24. Bb1 Na5 25. f4 f5 26. Nf3 Bxf3 27. Rxf3 Nc4 28. Qf2 Qxa3 29. Ba2 b5 30. Rg3 Kf7 31. Bxc4 bxc4 32. Qe2 Rc8 33. Re3 Qd6 34. Re5 a5 35. Ra1 Qb6 36. Rexa5 Qb3 37. R5a3 Qb8 38. g3 h4 39. Qg2 hxg3 40. hxg3 Rb7 41. Qxb7+ Qxb7 42. Ra7 Qxa7 43. Rxa7+ Kf6 44. Kf2 g5 45. fxg5+ Kxg5 46. Ra6 Rb8 47. Rxe6 Rb3 48. Re3 f4 49. gxf4+ Kxf4 50. Rh3 Kg4 51. Rf3 Ra3 52. Ke2 Rb3 53. Re3 Kf4 54. Kd2 Rb2+ 55. Kc1 Rb3 56. Rh3 Ke4 57. Kc2 Ra3 58. Rh4+ Kd5 59. Rh5+ Kd6 60. Rc5 Ra2+ 61. Kc1 Ra4 62. Kd2 Ke6 63. Ke3 Kd6 64. Ke4 Ke6 65. Rc6+ Kd7 66. Kd5 Ra8 67. Rxc4 Rh8 68. Ra4 Rh5+ 69. Kc4 Kc6 70. Ra6+ Kb7 71. Rg6 Rh3 72. d5 Kc7 73. Kd4 1-0

[Event "MOR-chT 0203"]
[Site "Moravia"]
[Date "2003.02.23"]
[Round "8"]
[White "Hajek, Michal"]
[Black "Karpilovsky, Oleg"]
[Result "1-0"]
[WhiteElo "2240"]
[BlackElo "2221"]
[PlyCount "79"]
[EventDate "2002.10.??"]
[EventType "team"]
[EventRounds "11"]
[EventCountry "CZE"]
[SourceTitle "EXT 2006"]
[Source "ChessBase"]
[SourceDate "2005.11.24"]
[SourceVersion "1"]
[SourceVersionDate "2005.11.24"]
[SourceQuality "1"]

1. e4 c5 2. Nc3 e6 3. f4 d5 4. exd5 exd5 5. Bb5+ Nc6 6. Nf3 Nf6 7. 0-0 Be7 8. Ne5 Qd6 9. b3 0-0 10. Bxc6 bxc6 11. Ba3 Nd7 12. d4 Qf6 13. Na4 cxd4 14. Ng4 Qe6 15. f5 Qe4 16. Re1 Qxe1+ 17. Qxe1 Bxa3 18. f6 Nxf6 19. Nxf6+ gxf6 20. b4 Kh8 21. Qe7 Be6 22. Qxf6+ Kg8 23. Qg5+ Kh8 24. Qe5+ f6 25. Qxe6 Bxb4 26. Qxc6 Bd2 27. Qxd5 Be3+ 28. Kh1 Rac8 29. Qf5 Rce8 30. Rb1 Bh6 31. Nc5 Re5 32. Qd7 Rfe8 33. Nd3 Re4 34. g3 R8e7 35. Rb8+ Kg7 36. Qd8 Kg6 37. Qg8+ Rg7 38. Qd5 Rg4 39. Rb5 Rg5 40. Nf4# 1-0

[Event "MOR-chT 0203"]
[Site "Moravia"]
[Date "2002.10.23"]
[Round "1"]
[White "Shanel, Jaroslav"]
[Black "Hajek, Michal"]
[Result "0-1"]
[WhiteElo "2200"]
[BlackElo "2216"]
[PlyCount "80"]
[EventDate "2002.10.??"]
[EventType "team"]
[EventRounds "11"]
[EventCountry "CZE"]
[SourceTitle "EXT 2005"]
[Source "ChessBase"]
[SourceDate "2004.11.15"]
[SourceVersion "1"]
[SourceVersionDate "2004.11.15"]
[SourceQuality "1"]

1. e4 c5 2. Nf3 d6 3. d4 cxd4 4. Nxd4 Nf6 5. Nc3 g6 6. Be3 Bg7 7. f3 Nc6 8. Qd2 0-0 9. Bc4 Bd7 10. 0-0-0 Ne5 11. Bb3 Rc8 12. h4 h5 13. g4 Rxc3 14. bxc3 a5 15. a3 Qc7 16. Rdg1 a4 17. Ba2 Qc5 18. Nf5 Qxa3+ 19. Kb1 Nxf3 20. Qd3 gxf5 21. gxf5 Nxg1 22. Bd4 Ng4 23. Bxg7 Kxg7 24. Rxg1 Qc5 25. Rg3 Qb5+ 26. Kc1 Qxd3 27. cxd3 Rc8 28. Kd2 Kf6 29. d4 Bb5 30. Rg1 Bc4 31. Bb1 a3 32. Bc2 a2 33. Re1 Ra8 34. Ra1 Nh2 35. Bd1 Rg8 36. Bxh5 Rg2+ 37. Ke3 Rb2 38. Rg1 Rb1 39. Rg2 a1Q 40. Kf4 Rf1+ 0-1

[Event "CZE-chT 9900"]
[Site "Czech Republic"]
[Date "1999.11.21"]
[Round "4"]
[White "Pisk, Petr"]
[Black "Hajek, Michal"]
[Result "1/2-1/2"]
[WhiteElo "2419"]
[BlackElo "2259"]
[PlyCount "90"]
[EventDate "1999.10.23"]
[EventType "team-tourn"]
[EventRounds "11"]
[EventCountry "CZE"]
[SourceTitle "EXT 2019"]
[Source "ChessBase"]
[SourceDate "2018.10.10"]
[SourceVersion "1"]
[SourceVersionDate "2018.10.10"]
[SourceQuality "1"]
[WhiteTeam "Grygov A64 Valoz"]
[BlackTeam "Ostrava Labortech"]
[WhiteTeamCountry "CZE"]
[BlackTeamCountry "CZE"]

1. e4 c5 2. c3 d5 3. exd5 Qxd5 4. d4 Nc6 5. Nf3 e6 6. Be3 cxd4 7. cxd4 Nf6 8. Nc3 Qd6 9. a3 Be7 10. Bd3 0-0 11. 0-0 b6 12. Qe2 Bb7 13. Rad1 a6 14. Bb1 Rac8 15. Bg5 Na5 16. Ne5 Nd5 17. Qd3 f5 18. Bxe7 Qxe7 19. Nxd5 Bxd5 20. Rfe1 Nc4 21. Nxc4 Bxc4 22. Qe3 Bd5 23. Rc1 Qb7 24. f3 Rxc1 25. Rxc1 Rc8 26. Rc3 b5 27. Qc1 Rxc3 28. Qxc3 Qc6 29. Qc5 Kf7 30. b4 g6 31. Kf2 Qxc5 32. dxc5 e5 33. Ke3 Ke6 34. g3 Bc4 35. h4 Bd5 36. Bc2 Bc4 37. Bd1 Kd5 38. Bc2 Ke6 39. Bd3 Bb3 40. Bb1 Kd5 41. h5 a5 42. hxg6 hxg6 43. g4 axb4 44. axb4 Ke6 45. Bd3 Bc4 1/2-1/2

[Event "CZE-chT 9900"]
[Site "Czech Republic"]
[Date "1999.11.20"]
[Round "3"]
[White "Hajek, Michal"]
[Black "Sosna, Jan"]
[Result "1/2-1/2"]
[WhiteElo "2259"]
[BlackElo "2374"]
[PlyCount "100"]
[EventDate "1999.10.23"]
[EventType "team-tourn"]
[EventRounds "11"]
[EventCountry "CZE"]
[SourceTitle "EXT 2019"]
[Source "ChessBase"]
[SourceDate "2018.10.10"]
[SourceVersion "1"]
[SourceVersionDate "2018.10.10"]
[SourceQuality "1"]
[WhiteTeam "Ostrava Labortech"]
[BlackTeam "Zlin"]
[WhiteTeamCountry "CZE"]
[BlackTeamCountry "CZE"]

1. e4 e5 2. Nf3 Nc6 3. Bb5 Nf6 4. 0-0 Bc5 5. d3 d6 6. h3 0-0 7. c3 Ne7 8. Bg5 Ng6 9. d4 Bb6 10. dxe5 dxe5 11. Qxd8 Rxd8 12. Nbd2 c6 13. Bc4 h6 14. Bxf6 gxf6 15. Rfe1 Nf4 16. Nf1 Be6 17. Bxe6 fxe6 18. Ne3 Nd3 19. Re2 Bxe3 20. fxe3 Nc5 21. Nd2 Rd7 22. Rf1 Rad8 23. b4 Na4 24. Nb1 Rd1 25. Kf2 Rxb1 26. Rxb1 Nxc3 27. Rc1 Nxe2 28. Kxe2 Kf7 29. g4 Ke7 30. a4 Rh8 31. a5 a6 32. Rg1 Rg8 33. Rh1 Rg5 34. Kf3 Rg8 35. h4 Kd6 36. Rg1 Kc7 37. Rc1 Rb8 38. Kg3 Rd8 39. Kf3 Rd2 40. Rc5 Kd6 41. h5 Rb2 42. Rc4 Kc7 43. Kg3 b6 44. axb6+ Kxb6 45. Rc1 Rxb4 46. Rf1 a5 47. Rxf6 a4 48. Rxh6 a3 49. Rh8 Ka7 50. Rh7+ Kb6 1/2-1/2

[Event "CZE-chT 9899"]
[Site "Czech Republic"]
[Date "1999.03.27"]
[Round "10"]
[White "Hajek, Michal"]
[Black "Hausner, Ivan"]
[Result "0-1"]
[WhiteElo "2305"]
[BlackElo "2396"]
[PlyCount "78"]
[EventDate "1998.10.31"]
[EventType "team-tourn"]
[EventRounds "11"]
[EventCountry "CZE"]
[SourceTitle "EXT 2019"]
[Source "ChessBase"]
[SourceDate "2018.10.10"]
[SourceVersion "1"]
[SourceVersionDate "2018.10.10"]
[SourceQuality "1"]
[WhiteTeam "Ostrava Labortech"]
[BlackTeam "Praha Mladi"]
[WhiteTeamCountry "CZE"]
[BlackTeamCountry "CZE"]

1. e4 c5 2. Nc3 Nc6 3. f4 g6 4. Nf3 Bg7 5. Bb5 Nd4 6. Nxd4 cxd4 7. Ne2 Nf6 8. Bd3 0-0 9. 0-0 d6 10. c4 Nd7 11. Rb1 Nc5 12. Qc2 Bd7 13. Ng3 e5 14. Be2 h5 15. d3 h4 16. Nh1 f5 17. b4 Na4 18. exf5 gxf5 19. Bf3 Nc3 20. Bxb7 Rb8 21. Bd5+ Nxd5 22. cxd5 Rc8 23. Qd1 e4 24. Nf2 Qe8 25. Nh3 Bb5 26. Re1 Bxd3 27. Rb2 Bc4 28. Ng5 Bxd5 29. Be3 d3 30. Rf2 Bf7 31. Bxa7 Ra8 32. Nxf7 Qxf7 33. Be3 Rxa2 34. Rxa2 Qxa2 35. Qh5 Bc3 36. Rf1 Qe2 37. Qxe2 dxe2 38. Rb1 d5 39. Bc5 Rc8 0-1

[Event "CZE-chT 9899"]
[Site "Czech Republic"]
[Date "1999.01.24"]
[Round "5"]
[White "Talla, Vladimir"]
[Black "Hajek, Michal"]
[Result "1-0"]
[WhiteElo "2362"]
[BlackElo "2305"]
[PlyCount "79"]
[EventDate "1998.10.31"]
[EventType "team-tourn"]
[EventRounds "11"]
[EventCountry "CZE"]
[SourceTitle "EXT 2019"]
[Source "ChessBase"]
[SourceDate "2018.10.10"]
[SourceVersion "1"]
[SourceVersionDate "2018.10.10"]
[SourceQuality "1"]
[WhiteTeam "Ostrava TJ Nova Hut"]
[BlackTeam "Ostrava Labortech"]
[WhiteTeamCountry "CZE"]
[BlackTeamCountry "CZE"]

1. e4 c5 2. Nf3 d6 3. d4 cxd4 4. Nxd4 Nf6 5. Nc3 g6 6. g3 Nc6 7. Bg2 Bg4 8. f3 Bd7 9. Be3 h5 10. h3 Qb6 11. Qd2 Ne5 12. b3 Qd8 13. Nd5 Bg7 14. c4 Nc6 15. 0-0 0-0 16. f4 Nxd5 17. exd5 Nxd4 18. Bxd4 Bxd4+ 19. Qxd4 Qc8 20. Kh2 Qc5 21. Qxc5 dxc5 22. Rfe1 Rfe8 23. Bf3 Rab8 24. g4 hxg4 25. hxg4 e6 26. d6 b6 27. Kg3 Kg7 28. a3 a5 29. b4 cxb4 30. axb4 Rec8 31. c5 bxc5 32. bxa5 Bc6 33. a6 Bxf3 34. Kxf3 Rd8 35. a7 Ra8 36. Ra6 Rd7 37. Rea1 Kf6 38. g5+ Kg7 39. Ke4 f6 40. R1a5 1-0

[Event "CZE-chT 9798"]
[Site "Czech Republic"]
[Date "1998.01.17"]
[Round "5"]
[White "Hajek, Michal"]
[Black "Nedela, Vlastimil"]
[Result "1-0"]
[WhiteElo "2310"]
[BlackElo "2330"]
[PlyCount "121"]
[EventDate "1997.11.15"]
[EventType "team-tourn"]
[EventRounds "11"]
[EventCountry "CZE"]
[SourceTitle "EXT 2019"]
[Source "ChessBase"]
[SourceDate "2018.10.10"]
[SourceVersion "1"]
[SourceVersionDate "2018.10.10"]
[SourceQuality "1"]
[WhiteTeam "Ostrava Labortech"]
[BlackTeam "Ostrava TJ Nova Hut"]
[WhiteTeamCountry "CZE"]
[BlackTeamCountry "CZE"]

1. e4 g6 2. d4 Bg7 3. Nc3 d6 4. g3 b6 5. Bg2 Bb7 6. Nge2 e6 7. 0-0 Ne7 8. f4 0-0 9. Be3 a6 10. a4 Qe8 11. b4 Nd7 12. Bf2 f5 13. e5 Bxg2 14. Kxg2 d5 15. b5 Qc8 16. Na2 c6 17. Qd3 Qb7 18. Rfb1 cxb5 19. axb5 a5 20. Be3 Rfc8 21. Bc1 Rc4 22. Ba3 Nc8 23. Nac3 Na7 24. Nd1 Bf8 25. Ne3 Rc7 26. g4 Bxa3 27. Rxa3 fxg4 28. Nxg4 Rac8 29. c3 Rf8 30. Qh3 Qc8 31. Qh6 Nb8 32. Nf6+ Kh8 33. c4 dxc4 34. Rh3 Rff7 35. Nc3 Qf8 36. Qxf8+ Rxf8 37. Nce4 c3 38. Nxc3 h5 39. Nce4 Nd7 40. Rg3 Nxf6 41. Nxf6 Rd8 42. Kh1 Rg7 43. Rbg1 Nxb5 44. Nxh5 Rh7 45. Nf6 Rh6 46. d5 exd5 47. e6 Kg7 48. e7 Rdh8 49. e8N+ Kf7 50. Ng4 Rh3 51. Rxh3 Rxh3 52. Rb1 Nc3 53. Nd6+ Ke7 54. Rxb6 a4 55. Ne5 a3 56. Nxg6+ Kd8 57. Ra6 a2 58. Kg2 Rd3 59. Ne5 Rd1 60. Ra7 Rd2+ 61. Kh3 1-0

[Event "CZE-chT 9798"]
[Site "Czech Republic"]
[Date "1997.12.14"]
[Round "4"]
[White "Hajek, Michal"]
[Black "Jirovsky, Petr"]
[Result "1-0"]
[WhiteElo "2310"]
[BlackElo "2395"]
[PlyCount "58"]
[EventDate "1997.11.15"]
[EventType "team-tourn"]
[EventRounds "11"]
[EventCountry "CZE"]
[SourceTitle "EXT 2019"]
[Source "ChessBase"]
[SourceDate "2018.10.10"]
[SourceVersion "1"]
[SourceVersionDate "2018.10.10"]
[SourceQuality "1"]
[WhiteTeam "Ostrava Labortech"]
[BlackTeam "Praha Mladi"]
[WhiteTeamCountry "CZE"]
[BlackTeamCountry "CZE"]

1. e4 c5 2. f4 Nc6 3. Nf3 d6 4. Bb5 Bd7 5. 0-0 g6 6. d3 Bg7 7. c3 e6 8. Bxc6 Bxc6 9. f5 Nf6 10. fxe6 fxe6 11. Ng5 Qe7 12. Qb3 Kd7 13. e5 dxe5 14. Nd2 Raf8 15. Ndf3 Nd5 16. Ne4 b6 17. Bg5 Qe8 18. Rae1 h6 19. Bd2 Nf4 20. c4 g5 21. Bc3 Ng6 22. Qa3 a5 23. b4 Bxe4 24. dxe4 cxb4 25. Bxb4 g4 26. Rd1+ Kc8 27. Bxa5 bxa5 28. Qc5+ Kb7 29. Rb1+ Ka6 1-0

[Event "CZE-chT 9798"]
[Site "Czech Republic"]
[Date "1997.11.16"]
[Round "2"]
[White "Hajek, Michal"]
[Black "Zezulkin, Jurij"]
[Result "0-1"]
[WhiteElo "2310"]
[BlackElo "2465"]
[PlyCount "70"]
[EventDate "1997.11.15"]
[EventType "team-tourn"]
[EventRounds "11"]
[EventCountry "CZE"]
[SourceTitle "EXT 2019"]
[Source "ChessBase"]
[SourceDate "2018.10.10"]
[SourceVersion "1"]
[SourceVersionDate "2018.10.10"]
[SourceQuality "1"]
[WhiteTeam "Ostrava Labortech"]
[BlackTeam "Vysehrad SK Sokol"]
[WhiteTeamCountry "CZE"]
[BlackTeamCountry "CZE"]

1. e4 c5 2. Nc3 Nc6 3. f4 g6 4. Nf3 Bg7 5. Bb5 Nd4 6. Nxd4 cxd4 7. Ne2 Nf6 8. e5 Nd5 9. c4 Qa5 10. 0-0 Nc7 11. d3 Nxb5 12. cxb5 Qxb5 13. Nxd4 Qd5 14. Be3 0-0 15. Qb3 Qxb3 16. Nxb3 b6 17. Rfc1 d6 18. Bd4 dxe5 19. Bxe5 f6 20. Bc3 e5 21. fxe5 fxe5 22. Re1 Ba6 23. Bxe5 Bxe5 24. Rxe5 Bxd3 25. Nd4 Rae8 26. Rxe8 Rxe8 27. Rd1 Ba6 28. Nc6 Re2 29. Rd8+ Kg7 30. Rd7+ Kh6 31. Rxa7 Bc4 32. Nd4 Rxb2 33. a4 Kg5 34. Rxh7 Kf4 35. Re7 Rb1+ 0-1

[Event "CZE-chT 9697"]
[Site "Czech Republic"]
[Date "1997.??.??"]
[Round "7"]
[White "Hajek, Michal"]
[Black "Beil, Zdenek"]
[Result "1/2-1/2"]
[WhiteElo "2320"]
[BlackElo "2325"]
[PlyCount "57"]
[EventDate "1996.??.??"]
[EventType "team-tourn"]
[EventRounds "11"]
[EventCountry "CZE"]
[SourceTitle "EXT 2019"]
[Source "ChessBase"]
[SourceDate "2018.10.10"]
[SourceVersion "1"]
[SourceVersionDate "2018.10.10"]
[SourceQuality "1"]
[WhiteTeam "Ostrava Labortech"]
[BlackTeam "Grygov A64 Valoz"]
[WhiteTeamCountry "CZE"]
[BlackTeamCountry "CZE"]

1. e4 c5 2. Nc3 Nc6 3. f4 g6 4. Nf3 Bg7 5. Bb5 Nd4 6. Nxd4 cxd4 7. Ne2 e6 8. 0-0 Ne7 9. Kh1 0-0 10. Bd3 d5 11. e5 Nc6 12. Bb5 Qb6 13. a4 a6 14. Bxc6 bxc6 15. a5 Qa7 16. b3 f6 17. Ba3 c5 18. Nc1 Bd7 19. Nd3 Rac8 20. exf6 Rxf6 21. Ne5 Bb5 22. d3 Rcf8 23. Qg4 Qe7 24. Rae1 Rf5 25. Nf3 Bd7 26. Nh4 Rh5 27. g3 e5 28. Bxc5 Bxg4 29. Bxe7 1/2-1/2

[Event "CZE-chT 9697"]
[Site "Czech Republic"]
[Date "1997.??.??"]
[Round "10"]
[White "Pcola, Pavol"]
[Black "Hajek, Michal"]
[Result "1-0"]
[WhiteElo "2470"]
[BlackElo "2320"]
[PlyCount "69"]
[EventDate "1996.??.??"]
[EventType "team-tourn"]
[EventRounds "11"]
[EventCountry "CZE"]
[SourceTitle "EXT 2019"]
[Source "ChessBase"]
[SourceDate "2018.10.10"]
[SourceVersion "1"]
[SourceVersionDate "2018.10.10"]
[SourceQuality "1"]
[WhiteTeam "Pardubice RC Sport"]
[BlackTeam "Ostrava Labortech"]
[WhiteTeamCountry "CZE"]
[BlackTeamCountry "CZE"]

1. c4 Nf6 2. Nc3 b6 3. e4 e5 4. Nf3 Nc6 5. Be2 Bb4 6. d3 Bxc3+ 7. bxc3 h6 8. h3 d6 9. Be3 Bd7 10. Nh2 0-0 11. f4 exf4 12. Bxf4 Nh7 13. 0-0 Qh4 14. Qd2 Rae8 15. Nf3 Qe7 16. Nd4 Nxd4 17. cxd4 g5 18. Bg3 f5 19. Bh5 Rd8 20. exf5 Bxf5 21. Rae1 Qg7 22. Qe3 Nf6 23. Bd1 Rde8 24. Qf3 Rxe1 25. Bxe1 Bg6 26. Bc3 Nd7 27. Qd5+ Kh7 28. Rxf8 Nxf8 29. Bg4 Bxd3 30. Qf3 Bg6 31. d5 Qe7 32. Qf2 Qe4 33. Qf6 Qe3+ 34. Kh1 Qc1+ 35. Bd1 1-0

[Event "CZE-chT 9596"]
[Site "Czech Republic"]
[Date "1996.02.03"]
[Round "8"]
[White "Vrana, Frantisek"]
[Black "Hajek, Michal"]
[Result "0-1"]
[WhiteElo "2250"]
[BlackElo "2315"]
[PlyCount "56"]
[EventDate "1995.10.21"]
[EventType "team-tourn"]
[EventRounds "11"]
[EventCountry "CZE"]
[SourceTitle "EXT 2019"]
[Source "ChessBase"]
[SourceDate "2018.10.10"]
[SourceVersion "1"]
[SourceVersionDate "2018.10.10"]
[SourceQuality "1"]
[WhiteTeam "Havrice"]
[BlackTeam "Ostrava Labortech"]
[WhiteTeamCountry "CHD"]
[BlackTeamCountry "CZE"]

1. e4 c5 2. Nf3 d6 3. g3 g6 4. d4 cxd4 5. Nxd4 Bg7 6. Bg2 Nc6 7. Ne2 Bg4 8. f3 Be6 9. Nbc3 h5 10. h3 Qb6 11. Nd5 Bxd5 12. exd5 Nd4 13. c3 Nf5 14. Qa4+ Kf8 15. Qb3 Qxb3 16. axb3 Nf6 17. f4 Nd7 18. b4 Nb6 19. Kf2 a6 20. b3 h4 21. gxh4 Rc8 22. Be4 Bxc3 23. Rb1 Rxh4 24. Ba3 Bf6 25. Bg2 Rc2 26. Rhc1 Rxf4+ 27. Ke1 Bh4+ 28. Kd1 Ne3# 0-1

[Event "CZE-chT 9697"]
[Site "Czech Republic"]
[Date "1996.??.??"]
[Round "2"]
[White "Znamenacek, Kvetoslav"]
[Black "Hajek, Michal"]
[Result "1-0"]
[WhiteElo "2315"]
[BlackElo "2320"]
[PlyCount "67"]
[EventDate "1996.??.??"]
[EventType "team-tourn"]
[EventRounds "11"]
[EventCountry "CZE"]
[SourceTitle "EXT 2019"]
[Source "ChessBase"]
[SourceDate "2018.10.10"]
[SourceVersion "1"]
[SourceVersionDate "2018.10.10"]
[SourceQuality "1"]
[WhiteTeam "Praha Bohemians"]
[BlackTeam "Ostrava Labortech"]
[WhiteTeamCountry "CZE"]
[BlackTeamCountry "CZE"]

1. Nf3 Nf6 2. c4 b6 3. g3 Bb7 4. Bg2 e6 5. 0-0 c5 6. Nc3 Be7 7. Re1 d6 8. e4 e5 9. d3 0-0 10. a3 Nc6 11. Bd2 Nd4 12. b4 Ne8 13. Nd5 Nxf3+ 14. Qxf3 Bxd5 15. cxd5 Bg5 16. Bc3 Nc7 17. Ra2 Nb5 18. Ba1 a5 19. bxc5 bxc5 20. h4 Bf6 21. a4 Nc7 22. Rb1 Na6 23. Bc3 Nb4 24. Rab2 Qd7 25. Qd1 Be7 26. Kh2 g6 27. Bh3 Qb7 28. f4 exf4 29. gxf4 Bxh4 30. d4 Bf6 31. e5 cxd4 32. Bxb4 axb4 33. Rxb4 Qe7 34. exf6 1-0

[Event "CZE-chT 9596"]
[Site "Czech Republic"]
[Date "1995.12.10"]
[Round "6"]
[White "Hajek, Michal"]
[Black "Kotek, Daniel"]
[Result "1-0"]
[WhiteElo "2300"]
[BlackElo "2360"]
[PlyCount "61"]
[EventDate "1995.10.21"]
[EventType "team-tourn"]
[EventRounds "11"]
[EventCountry "CZE"]
[SourceTitle "EXT 2019"]
[Source "ChessBase"]
[SourceDate "2018.10.10"]
[SourceVersion "1"]
[SourceVersionDate "2018.10.10"]
[SourceQuality "1"]
[WhiteTeam "Ostrava Labortech"]
[BlackTeam "Litomerice SK IWEX "]
[WhiteTeamCountry "CZE"]
[BlackTeamCountry "CZE"]

1. e4 e6 2. d4 d5 3. Nd2 Nf6 4. e5 Nfd7 5. Bd3 c5 6. c3 Nc6 7. Ne2 cxd4 8. cxd4 f6 9. exf6 Nxf6 10. Nf3 Bd6 11. 0-0 Qc7 12. Nc3 a6 13. Bg5 0-0 14. Rc1 Ng4 15. g3 Qf7 16. Be2 h6 17. Bd2 Bd7 18. Na4 Nf6 19. Nb6 Rae8 20. Be3 e5 21. dxe5 Nxe5 22. Nxe5 Bxe5 23. Nxd7 Qxd7 24. Bc5 Rf7 25. Rc2 Rc8 26. Be3 Rc6 27. Rd2 Qe6 28. Bf3 Rd7 29. Re1 Qd6 30. Bg2 Qe6 31. Bd4 1-0

[Event "CZE-chT1c 9495"]
[Site "Czech Republic"]
[Date "1995.??.??"]
[Round "5"]
[White "Kupka, Slavoj"]
[Black "Hajek, Michal"]
[Result "1/2-1/2"]
[WhiteElo "2360"]
[BlackElo "2300"]
[PlyCount "36"]
[EventDate "1994.??.??"]
[EventType "team"]
[EventRounds "11"]
[EventCountry "CZE"]
[SourceTitle "EXT 1998"]
[Source "ChessBase"]
[SourceDate "1997.11.17"]
[SourceVersion "1"]
[SourceVersionDate "1997.11.17"]
[SourceQuality "1"]

1. d4 Nf6 2. Nf3 e6 3. c4 b6 4. g3 Ba6 5. b3 Bb4+ 6. Bd2 Be7 7. Bg2 c6 8. Bc3 d5 9. Nbd2 Nbd7 10. 0-0 0-0 11. Re1 Bb7 12. e4 Nxe4 13. Nxe4 dxe4 14. Rxe4 c5 15. Re1 Bf6 16. Rc1 cxd4 17. Bxd4 Qc7 18. Bxf6 Nxf6 1/2-1/2

[Event "CZE-ch"]
[Site "Luhacovice"]
[Date "1993.??.??"]
[Round "6"]
[White "Chytilek, Roman"]
[Black "Hajek, Michal"]
[Result "1-0"]
[WhiteElo "2265"]
[BlackElo "2285"]
[PlyCount "83"]
[EventDate "1993.??.??"]
[EventType "swiss"]
[EventRounds "11"]
[EventCountry "CZE"]
[SourceTitle "TD"]
[Source "ChessBase"]
[SourceDate "1994.03.01"]
[SourceVersion "1"]
[SourceVersionDate "1994.03.01"]
[SourceQuality "1"]

1. d4 e6 2. Nf3 Nf6 3. c4 Bb4+ 4. Bd2 a5 5. Nc3 d6 6. Qc2 Qe7 7. a3 Bxc3 8. Bxc3 Nbd7 9. e3 0-0 10. Be2 b6 11. 0-0 Bb7 12. Nd2 e5 13. d5 a4 14. Rae1 Nc5 15. e4 Bc8 16. Bf3 Bd7 17. g3 g5 18. Bg2 Nh5 19. Qd1 Ng7 20. Qe2 f6 21. f4 Be8 22. f5 Bd7 23. Bf3 Qe8 24. h4 h6 25. Kg2 Kf7 26. Rh1 Rh8 27. Rh2 b5 28. Reh1 g4 29. Bxg4 Ke7 30. Bf3 h5 31. Bb4 Na6 32. Rc1 c5 33. dxc6 Bxc6 34. Rhh1 Nxb4 35. axb4 Qd7 36. Rhd1 Qb7 37. Qe3 Rad8 38. b3 bxc4 39. Nxc4 Qxb4 40. Nb6 Ba8 41. Rc7+ Kf8 42. Nd7+ 1-0

[Event "CZE Czechia-ch"]
[Site "Czech Republic"]
[Date "1993.??.??"]
[Round "1"]
[White "Hajek, Michal"]
[Black "Chloupek, Stanislav"]
[Result "1/2-1/2"]
[WhiteElo "2040"]
[BlackElo "2295"]
[PlyCount "87"]
[EventDate "1993.??.??"]
[EventType "swiss"]
[EventRounds "9"]
[EventCountry "CZE"]
[SourceTitle "EXT 1997"]
[Source "ChessBase"]
[SourceDate "1996.11.15"]
[SourceVersion "1"]
[SourceVersionDate "1996.11.15"]
[SourceQuality "1"]

1. e4 c5 2. Nf3 e6 3. d4 cxd4 4. Nxd4 Nc6 5. Be2 Nf6 6. Nxc6 bxc6 7. Bd3 d5 8. exd5 cxd5 9. 0-0 Be7 10. c4 d4 11. Bf4 0-0 12. Be5 Bd6 13. Bg3 Bxg3 14. hxg3 Rb8 15. b3 e5 16. Nd2 Ng4 17. Be2 Nh6 18. Bf3 Bb7 19. Re1 Re8 20. c5 Bxf3 21. gxf3 Qd5 22. Rc1 f5 23. Qc2 Qc6 24. a3 Kh8 25. b4 Rbd8 26. Qd3 a6 27. Re2 g6 28. Rce1 Nf7 29. Qb3 Kg7 30. Qd3 h5 31. Nc4 Ng5 32. Nd2 Qf6 33. f4 Nf7 34. fxe5 Rxe5 35. Nf3 Rxe2 36. Rxe2 f4 37. Re4 fxg3 38. fxg3 Ng5 39. Nxg5 Qxg5 40. Kh2 Qf6 41. Rf4 Qe5 42. a4 Qd5 43. Rf2 a5 44. bxa5 1/2-1/2